Neurologie - culture générale - Statistiques

Statistiques générales
  • Ce quiz a été pris 188 fois
  • Le résultat moyen est 3 sur 12
Statistiques - réponses
Hint Réponse % Correct
Gaine permettant une meilleure conduction de l'influx nerveux La gaine de Myéline
83%
Liquide dans lequel flotte le "cerveau", qui permet principalement une protection mécanique de celui-ci et de la moëlle épinière Liquide céphalo rachidien
55%
Elles fournissent des nutriments aux neurones, maintiennent l'équilibre ionique et participent à la réparation des tissus nerveux après une blessure Astrocytes
33%
Nommer les méninges de la superficie à la profondeur Dure-mère arachnoïde Pie-mère
21%
Ces cellules jouent un rôle de protection, elles éliminent les débris cellulaires et les agents pathogènes, agissant un peu comme des macrophages Microglie
19%
Quelle structure transporte les influx nerveux ? Les nerfs
17%
Elles forment la gaine de myéline qui entoure les axones des neurones, facilitant la conduction rapide des potentiels d'action DANS LE SNP Cellule de Schwann
13%
Comment s'appel l'espace au niveau des méninges dans lequel circule le LCR subarachnoïdien
4%
Dans quel canal circule le LCR ? épendymaire
3%
Elles forment la gaine de myéline qui entoure les axones des neurones, facilitant la conduction rapide des potentiels d'action DANS LE SNC Oligodentrocytes
3%
Nommer les structures composants un neurone Soma, dendrites, axones
1%
Donner les structures composant le SNC Télencéphale, mésencéphale, myélencéphale, métencéphale,
0%
Aucun quiz correspondant
Distribution des résultats
% des personnes avec chaque résultat
Percentile par nombre de réponses
Votre historique - résultats
Vous n’avez pas pris ce quiz